| 000 | 00496nam a2200217Ia 4500 | ||
|---|---|---|---|
| 008 | 210210b1941 xxu||||| |||| 00| 0 eng d | ||
| 041 | _aeng | ||
| 082 | _a823/314 | ||
| 100 | _aSHAKESPEARE (William) | ||
| 245 | _aMuch ado about nothing: the tempest | ||
| 260 |
_aLondon _bPenguin Books _c1941 |
||
| 650 | _athe | ||
| 650 | _atempest | ||
| 650 | _anothing: | ||
| 650 | _anothing | ||
| 650 | _aMuch | ||
| 650 | _aado | ||
| 650 | _aabout | ||
| 690 | _aEnglish Drama | ||
| 906 | _a013858 | ||
| 999 |
_c132926 _d132926 |
||